[Event "Langenhagen Summer op 1st"]
[Site "Langenhagen"]
[Date "2019.07.07"]
[Round "7"]
[White "Herrmann, Andreas"]
[Black "Eilert, Marius"]
[Result "0-1"]
[WhiteElo "2119"]
[BlackElo "2039"]
[PlyCount "54"]
[EventDate "2019.07.04"]
[EventType "swiss"]
[EventRounds "7"]
[EventCountry "GER"]
[SourceTitle "EXT 2020"]
[Source "ChessBase"]
[SourceDate "2019.10.17"]
[SourceVersion "1"]
[SourceVersionDate "2019.10.17"]
[SourceQuality "1"]

1. d4 Nf6 2. Nf3 g6 3. c3 Bg7 4. Bf4 d6 5. Nbd2 0-0 6. h3 c5 7. e3 cxd4 8. exd4 Nc6 9. Be2 e5 10. dxe5 dxe5 11. Be3 e4 12. Nd4 Nd5 13. Nxc6 bxc6 14. Bc5 Re8 15. Qa4 Nf4 16. g3 Nxe2 17. Kxe2 Qd3+ 18. Kd1 Bh6 19. Qc2 Qd5 20. Be3 Bxe3 21. fxe3 Ba6 22. c4 Qe5 23. Qa4 Rad8 24. Rb1 Qxg3 25. Kc2 Qxe3 26. Rbd1 Qd3+ 27. Kc1 e3 0-1

[Event "Langenhagen Summer op 1st"]
[Site "Langenhagen"]
[Date "2019.07.05"]
[Round "3"]
[White "Moeller, Jonas"]
[Black "Eilert, Marius"]
[Result "0-1"]
[WhiteElo "1851"]
[BlackElo "2039"]
[PlyCount "62"]
[EventDate "2019.07.04"]
[EventType "swiss"]
[EventRounds "7"]
[EventCountry "GER"]
[SourceTitle "EXT 2020"]
[Source "ChessBase"]
[SourceDate "2019.10.17"]
[SourceVersion "1"]
[SourceVersionDate "2019.10.17"]
[SourceQuality "1"]

1. e4 e6 2. d4 d5 3. e5 c5 4. c3 Nc6 5. Nf3 Bd7 6. Be2 f6 7. exf6 Nxf6 8. 0-0 Bd6 9. Re1 0-0 10. Nbd2 cxd4 11. cxd4 Rc8 12. Nf1 Ne4 13. Be3 Nb4 14. Bd3 Nxd3 15. Qxd3 a6 16. Ng3 Nf6 17. Bg5 Qb6 18. Bxf6 Rxf6 19. Ng5 g6 20. Nh5 Rf5 21. g4 Rxg5 22. Nf6+ Kg7 23. Nxd7 Rxg4+ 24. Kf1 Qxb2 25. Rab1 Qxa2 26. Rxb7 Rc7 27. Rxc7 Bxc7 28. Ne5 Bxe5 29. Rxe5 Qa1+ 30. Re1 Rg1+ 31. Kxg1 Qxe1+ 0-1

[Event "Niedersachsen-ch op A"]
[Site "Verden"]
[Date "2019.01.05"]
[Round "6"]
[White "Balazs, Balint"]
[Black "Eilert, Marius"]
[Result "1-0"]
[WhiteElo "2121"]
[BlackElo "2033"]
[PlyCount "73"]
[EventDate "2019.01.03"]
[EventType "swiss"]
[EventRounds "7"]
[EventCountry "GER"]
[SourceTitle "EXT 2022"]
[Source "ChessBase"]
[SourceDate "2021.10.06"]
[SourceVersion "1"]
[SourceVersionDate "2021.10.06"]
[SourceQuality "1"]

1. d4 Nf6 2. Nf3 g6 3. c4 c5 4. d5 d6 5. Nc3 Bg7 6. e4 0-0 7. Bd3 e6 8. h3 exd5 9. cxd5 Re8 10. 0-0 c4 11. Bc2 b5 12. Nxb5 Nxe4 13. Re1 Bd7 14. Nbd4 Nf6 15. Rxe8+ Bxe8 16. Bg5 Nbd7 17. Nc6 Qb6 18. Ne7+ Kh8 19. Qe2 Qxb2 20. Rb1 Qxa2 21. Re1 c3 22. h4 Qa5 23. Qe3 Qb4 24. h5 Nxh5 25. Bh6 a5 26. Bxg7+ Kxg7 27. Nd4 Ndf6 28. g4 Nxg4 29. Nef5+ gxf5 30. Nxf5+ Kg6 31. Ng3+ f5 32. Bxf5+ Kg7 33. Qe7+ Kh6 34. Re6+ Ngf6 35. Nxh5 Bxh5 36. Qxf6+ Bg6 37. Re3 1-0

[Event "Niedersachsen-ch op A"]
[Site "Verden"]
[Date "2018.01.06"]
[Round "6"]
[White "Eilert, Marius"]
[Black "Schau, Helmut"]
[Result "1/2-1/2"]
[WhiteElo "2007"]
[BlackElo "1832"]
[PlyCount "81"]
[EventDate "2018.01.04"]
[EventType "swiss"]
[EventRounds "7"]
[EventCountry "GER"]
[SourceTitle "EXT 2022"]
[Source "ChessBase"]
[SourceDate "2021.10.06"]
[SourceVersion "1"]
[SourceVersionDate "2021.10.06"]
[SourceQuality "1"]

1. e4 c6 2. d4 d5 3. Nd2 dxe4 4. Nxe4 Bf5 5. Ng3 Bg6 6. h4 h6 7. Nh3 e6 8. Nf4 Bh7 9. Bc4 Bd6 10. Qg4 Kf8 11. 0-0 Nf6 12. Qe2 Nd5 13. Nxe6+ fxe6 14. Qxe6 Qd7 15. Qe2 Na6 16. Bb3 Re8 17. Qf3+ Qf7 18. Qxf7+ Kxf7 19. c4 Nac7 20. cxd5 Nxd5 21. Bd2 Rhf8 22. Rae1 Bd3 23. Rxe8 Rxe8 24. Re1 Rxe1+ 25. Bxe1 Bxg3 26. fxg3 g5 27. Bd2 Kf6 28. Kf2 Kf5 29. Bd1 Be4 30. Bf3 Nf6 31. Bb4 g4 32. Bd1 h5 33. Bb3 Nd5 34. Bc5 a6 35. Bd6 Ke6 36. Bb8 Kf5 37. Bc4 Ke6 38. a3 Kf5 39. Bf1 Bb1 40. Be5 Ke4 41. Bc4 1/2-1/2

[Event "Niedersachsen-ch op A"]
[Site "Verden"]
[Date "2018.01.05"]
[Round "4"]
[White "Eilert, Marius"]
[Black "Kardoeus, David"]
[Result "1-0"]
[WhiteElo "2007"]
[BlackElo "2199"]
[PlyCount "135"]
[EventDate "2018.01.04"]
[EventType "swiss"]
[EventRounds "7"]
[EventCountry "GER"]
[SourceTitle "EXT 2022"]
[Source "ChessBase"]
[SourceDate "2021.10.06"]
[SourceVersion "1"]
[SourceVersionDate "2021.10.06"]
[SourceQuality "1"]

1. c4 Nf6 2. g3 g6 3. Bg2 Bg7 4. Nc3 0-0 5. Nf3 d6 6. 0-0 Nc6 7. Rb1 e5 8. d3 a6 9. b4 Nd4 10. Nxd4 exd4 11. Ne4 Nxe4 12. Bxe4 c6 13. a4 Be6 14. Bf3 d5 15. c5 Be5 16. Bh6 Re8 17. Qd2 Bh3 18. Rfc1 Qd7 19. b5 axb5 20. axb5 Bg4 21. bxc6 bxc6 22. Rb4 Bxf3 23. exf3 Qf5 24. Bf4 Bxf4 25. Qxf4 Qxd3 26. Rxd4 Qe2 27. Rb4 Ra2 28. Rf1 Qe5 29. Qxe5 Rxe5 30. Rb8+ Kg7 31. Rc8 Re6 32. Rc1 h5 33. h4 Ra5 34. Rc7 Kf6 35. Kg2 Ra6 36. Rb1 Re7 37. Rc8 Ke6 38. Rd8 Rc7 39. g4 Ke7 40. Rdb8 Ra5 41. Re1+ Kf6 42. g5+ Kg7 43. Ree8 f5 44. Rg8+ Kf7 45. Rbf8+ Ke6 46. Rxg6+ Ke5 47. Rgf6 Raa7 48. g6 Rg7 49. Rxc6 Rad7 50. Rff6 Kf4 51. Rcd6 Rxd6 52. Rxd6 Ke5 53. Kf1 Kd4 54. c6 Ke5 55. Rd8 Kf4 56. Rxd5 Rxg6 57. Rc5 Rg8 58. c7 Rc8 59. Rc3 Ke5 60. Ke2 Kd4 61. Kd2 f4 62. Kc2 Kd5 63. Kb3 Kd6 64. Kb4 Kd5 65. Rc4 Ke5 66. Kb5 Kd5 67. Rc2 Rxc7 68. Rxc7 1-0

[Event "Hannover-chC"]
[Site "Lehrte"]
[Date "2010.10.10"]
[Round "4"]
[White "Eilert, Marius"]
[Black "Ehlert, Horst"]
[Result "1/2-1/2"]
[WhiteElo "1849"]
[BlackElo "1941"]
[PlyCount "71"]
[EventDate "2010.10.09"]
[EventType "swiss"]
[EventRounds "7"]
[EventCountry "GER"]
[SourceTitle "EXT 2021"]
[Source "ChessBase"]
[SourceDate "2020.10.23"]
[SourceVersion "1"]
[SourceVersionDate "2020.10.23"]
[SourceQuality "1"]

1. Nf3 Nf6 2. c4 c5 3. g3 b6 4. Bg2 Bb7 5. 0-0 e6 6. Nc3 Be7 7. e3 0-0 8. b3 a6 9. Bb2 Qc7 10. Rc1 d6 11. Ne2 Nbd7 12. d4 Rac8 13. Nf4 h6 14. h4 Rfe8 15. Bh3 cxd4 16. exd4 Bf8 17. Re1 Ba8 18. d5 e5 19. Ng2 Rb8 20. Ne3 g6 21. Kh2 Bb7 22. g4 Bc8 23. h5 Bg7 24. Rg1 Nf8 25. Ba3 Kh7 26. Qf1 Qe7 27. Qg2 e4 28. Nd2 Qe5+ 29. Kh1 g5 30. Ndf1 Rb7 31. Ng3 b5 32. Rc2 Qf4 33. Ngf5 Bxf5 34. Nxf5 Rd7 35. Re1 bxc4 36. bxc4 1/2-1/2

[Event "Hannover-chC"]
[Site "Lehrte"]
[Date "2010.10.09"]
[Round "1"]
[White "Eilert, Marius"]
[Black "Titzhoff, Frank"]
[Result "0-1"]
[WhiteElo "1849"]
[BlackElo "2054"]
[PlyCount "66"]
[EventDate "2010.10.09"]
[EventType "swiss"]
[EventRounds "7"]
[EventCountry "GER"]
[SourceTitle "EXT 2021"]
[Source "ChessBase"]
[SourceDate "2020.10.23"]
[SourceVersion "1"]
[SourceVersionDate "2020.10.23"]
[SourceQuality "1"]

1. Nf3 Nf6 2. c4 e6 3. Nc3 d5 4. d4 Be7 5. e3 0-0 6. Bd3 c5 7. dxc5 Bxc5 8. 0-0 Nc6 9. b3 Qe7 10. Bb2 dxc4 11. Bxc4 e5 12. Nd2 Rd8 13. a3 Bf5 14. b4 Bb6 15. Qe2 e4 16. Ra2 Ne5 17. Bb3 Nd3 18. Nc4 Bc7 19. h3 Qd7 20. Ba4 Qe6 21. Nb5 Nd5 22. Nd4 Qg6 23. Nxf5 Qxf5 24. Ba1 h5 25. f3 Qg6 26. fxe4 Qg3 27. e5 Nxe5 28. Qxh5 Nf6 29. Bxe5 Nxh5 30. Bxg3 Nxg3 31. Rd1 b5 32. Rxd8+ Rxd8 33. Bxb5 Rd1+ 0-1

[Event "Hannover-ch op"]
[Site "Stadthagen"]
[Date "2009.10.05"]
[Round "6"]
[White "Eilert, Marius"]
[Black "Kleine, Matthias"]
[Result "1/2-1/2"]
[WhiteElo "1767"]
[BlackElo "1690"]
[PlyCount "38"]
[EventDate "2009.10.01"]
[EventType "swiss"]
[EventRounds "7"]
[EventCountry "GER"]
[SourceTitle "EXT 2021"]
[Source "ChessBase"]
[SourceDate "2020.10.23"]
[SourceVersion "1"]
[SourceVersionDate "2020.10.23"]
[SourceQuality "1"]

1. Nf3 d5 2. d4 e6 3. c4 c5 4. cxd5 Qxd5 5. Nc3 Qd8 6. Bf4 Nf6 7. g3 Nc6 8. dxc5 Qxd1+ 9. Rxd1 Bxc5 10. Bg2 0-0 11. 0-0 a6 12. a3 Re8 13. Ne5 Ne7 14. Rd3 Ng6 15. Nxg6 hxg6 16. Rfd1 e5 17. Bg5 Bf5 18. R3d2 Rab8 19. Na4 Ba7 1/2-1/2

[Event "Niedersachsen-ch U18"]
[Site "Rotenburg"]
[Date "2009.04.07"]
[Round "6"]
[White "Delekat, Julian"]
[Black "Eilert, Marius"]
[Result "1/2-1/2"]
[WhiteElo "1315"]
[BlackElo "1834"]
[PlyCount "62"]
[EventDate "2009.04.04"]
[EventType "swiss"]
[EventRounds "9"]
[EventCountry "GER"]
[SourceTitle "EXT 2010"]
[Source "ChessBase"]
[SourceDate "2010.11.25"]
[SourceVersion "1"]
[SourceVersionDate "2010.11.25"]
[SourceQuality "1"]

1. d4 d5 2. c4 c6 3. Nf3 Nf6 4. Nc3 e6 5. Bg5 Nbd7 6. e3 Qa5 7. Nd2 Bb4 8. Bxf6 Nxf6 9. Qc2 0-0 10. Bd3 Re8 11. 0-0 e5 12. dxe5 Rxe5 13. Nf3 Rh5 14. cxd5 cxd5 15. Ne2 Bg4 16. Ng3 Bxf3 17. gxf3 Re5 18. Rfc1 g6 19. Qc7 Re7 20. Qxa5 Bxa5 21. Rc2 d4 22. e4 Nd7 23. Rd1 Ne5 24. Kg2 Bc7 25. f4 Nc6 26. f5 Be5 27. fxg6 fxg6 28. a3 Kg7 29. Bb5 Nd8 30. Ne2 Ne6 31. Bc4 Rd8 1/2-1/2

[Event "Niedersachsen-ch U18"]
[Site "Rotenburg"]
[Date "2009.04.07"]
[Round "5"]
[White "Eilert, Marius"]
[Black "Bierwirth, Keith"]
[Result "1-0"]
[WhiteElo "1834"]
[BlackElo "1205"]
[PlyCount "35"]
[EventDate "2009.04.04"]
[EventType "swiss"]
[EventRounds "9"]
[EventCountry "GER"]
[SourceTitle "EXT 2010"]
[Source "ChessBase"]
[SourceDate "2010.11.25"]
[SourceVersion "1"]
[SourceVersionDate "2010.11.25"]
[SourceQuality "1"]

1. e4 e5 2. Nf3 Nc6 3. Bc4 Bc5 4. c3 Nf6 5. d4 exd4 6. cxd4 Bb4+ 7. Nc3 Nxe4 8. 0-0 Bxc3 9. d5 Ne7 10. bxc3 0-0 11. Re1 Nd6 12. Bd3 b6 13. Bxh7+ Kxh7 14. Ng5+ Kg6 15. Qg4 f5 16. Qg3 Kf6 17. Be3 c5 18. Qxd6# 1-0

[Event "Hannover-ch U18"]
[Site "Lehrte"]
[Date "2008.10.11"]
[Round "1"]
[White "Eilert, Marius"]
[Black "Bruenn, Anna Katharina"]
[Result "1-0"]
[WhiteElo "1732"]
[BlackElo "791"]
[PlyCount "53"]
[EventDate "2008.10.11"]
[EventType "swiss"]
[EventRounds "7"]
[EventCountry "GER"]
[SourceTitle "EXT 2021"]
[Source "ChessBase"]
[SourceDate "2020.10.23"]
[SourceVersion "1"]
[SourceVersionDate "2020.10.23"]
[SourceQuality "1"]

1. e4 e5 2. Nf3 Nc6 3. Bc4 Bc5 4. c3 Nf6 5. d4 exd4 6. cxd4 Nxd4 7. Nxd4 h6 8. Nc3 d6 9. h3 c6 10. 0-0 0-0 11. Nf5 d5 12. Bb3 Qc7 13. Qf3 Qe5 14. Nxh6+ Kh8 15. exd5 cxd5 16. Bf4 Qh5 17. Bxd5 gxh6 18. Qxh5 Nxh5 19. Bxh6 Re8 20. Bxf7 Re7 21. Bxh5 Rh7 22. Bf3 Rxh6 23. Rad1 Bb6 24. Ne4 Bf5 25. Nd6 Rd8 26. Nf7+ Kg7 27. Nxd8 1-0

[Event "Hannover-ch U16"]
[Site "Lehrte"]
[Date "2006.10.16"]
[Round "6"]
[White "Eilert, Marius"]
[Black "Stemmer, Niklas"]
[Result "1/2-1/2"]
[WhiteElo "1321"]
[BlackElo "1381"]
[PlyCount "64"]
[EventDate "2006.10.14"]
[EventType "swiss"]
[EventRounds "7"]
[EventCountry "GER"]
[SourceTitle "EXT 2021"]
[Source "ChessBase"]
[SourceDate "2020.10.23"]
[SourceVersion "1"]
[SourceVersionDate "2020.10.23"]
[SourceQuality "1"]

1. e4 c5 2. Nf3 e6 3. d4 cxd4 4. Nxd4 Nf6 5. Nc3 Be7 6. Be2 d6 7. 0-0 0-0 8. Be3 b6 9. f4 Nbd7 10. Kh1 Bb7 11. Bf3 Rc8 12. Qd2 Nc5 13. e5 Bxf3 14. Nxf3 Nfe4 15. Nxe4 Nxe4 16. Qd3 d5 17. Nd2 Nxd2 18. Qxd2 Bc5 19. c3 Bxe3 20. Qxe3 Qc7 21. Rf3 Qc5 22. Qd3 Qc4 23. Qc2 Rfd8 24. a3 d4 25. Rd3 dxc3 26. Rxc3 Qa6 27. Rc1 Rxc3 28. Qxc3 h6 29. h3 Qb5 30. Qc7 Rd7 31. Qc6 Qxc6 32. Rxc6 Rd2 1/2-1/2

[Event "Hannover-ch U16"]
[Site "Lehrte"]
[Date "2006.10.15"]
[Round "4"]
[White "Klaeve, Simon"]
[Black "Eilert, Marius"]
[Result "0-1"]
[WhiteElo "1008"]
[BlackElo "1321"]
[PlyCount "52"]
[EventDate "2006.10.14"]
[EventType "swiss"]
[EventRounds "7"]
[EventCountry "GER"]
[SourceTitle "EXT 2021"]
[Source "ChessBase"]
[SourceDate "2020.10.23"]
[SourceVersion "1"]
[SourceVersionDate "2020.10.23"]
[SourceQuality "1"]

1. e4 e5 2. Nf3 Nc6 3. Nc3 Nf6 4. Bc4 Bc5 5. d3 h6 6. 0-0 d6 7. h3 0-0 8. Qe2 Be6 9. Bxe6 fxe6 10. Be3 Nd4 11. Qd1 Qe8 12. Ne2 Nxf3+ 13. gxf3 Bb6 14. Ng3 Nh5 15. Bxb6 axb6 16. Qe2 Nf4 17. Qe3 Nxh3+ 18. Kg2 Nf4+ 19. Kg1 Rf6 20. Rfe1 Qg6 21. c3 Raf8 22. Red1 Nh3+ 23. Kf1 Rxf3 24. Qe2 Qxg3 25. Ke1 Rxf2 26. Qh5 Qg1# 0-1